000 00791nam a22002055i 4500
001 166528
003 ES-MaACL
005 20250724074559.0
008 050915s1901 fr | |||||||| ||fre d
040 _aCAM
_bspa
_cCAM
100 1 _aTorres Quevedo, Leonardo,
_d1852-1936
_9111002
245 1 0 _aSur la construction des machines algébriques /
_cpar L. Torres.
260 _aParis :
_bVve Ch. Dunod, éditeur,
_c1901 (
_eMacon :
_fProtat Frères)
300 _a32 p. :
_bil. ;
_c31 cm.
595 _aExtrait de la Revue de mécanique, nº de septembre-octobre 1901.
650 4 _aCalculadoras.
_9135706
650 7 _aÁlgebra
_2embne
_99720
852 _aES-MaACL
_jT-992-F-6
_z-- Enc. hol., conservando la cub. original
_z-- Enc. en un vol. facticio
999 _c166528
_d166528